Гидрологические аспекты территориального перераспределения водных ресурсов

Bibliografiska uppgifter
Institutionell upphovsman: Государственный гидрологический институт (ГГИ)
Övriga upphovsmän: Нежиховский Р. А. (редактор), Охинченко А. И.
Språk:ryska
Publicerad: Ленинград, Гидрометеоиздат, 1990
Serie:Труды Государственного гидрологического института Вып. 344
Ämnen:
Materialtyp: MixedMaterials Bok
KOHA link:https://koha.lib.tpu.ru/cgi-bin/koha/opac-detail.pl?biblionumber=169579

MARC

LEADER 00000nam0a2200000 4500
001 169579
005 20231031163456.0
010 |a 5286005969 
020 |a RU  |b 90-42536ж 
035 |a (RuTPU)RU\TPU\book\183940 
090 |a 169579 
100 |a 20091114d1990 k y0rusy5003 ca 
101 0 |a rus 
102 |a RU 
105 |a a z 001zy 
200 1 |a Гидрологические аспекты территориального перераспределения водных ресурсов  |f Государственный гидрологический институт (ГГИ) ; под ред. Р. А. Нежиховского, А. И. Охинченко 
210 |a Ленинград  |c Гидрометеоиздат  |d 1990 
215 |a 152 с.  |c ил.  |d 22 см 
225 1 |a Труды Государственного гидрологического института  |v Вып. 344 
320 |a Библиогр. в конце ст. 
610 1 |a реки 
610 1 |a переброска стока 
610 1 |a гидрологические условия 
610 1 |a влияние 
675 |a 556.18  |z rus 
702 1 |a Нежиховский  |b Р. А.  |4 340 
702 1 |a Охинченко  |b А. И.  |4 340 
712 0 2 |a Государственный гидрологический институт (ГГИ)  |c (Санкт-Петербург)  |2 stltpush  |3 (RuTPU)RU\TPU\col\7764 
801 0 |a RU  |b RuMRKP  |c 19950417  |g psbo 
801 1 |a RU  |b 63413507  |c 20091114 
801 2 |a RU  |b 63413507  |c 20110609  |g RCR 
942 |c BK